Logo BPK

Biblioteka

Politechniki Koszalińskiej

Załączniki do wstępnego projektu Narodowego Planu Rozwoju 2007-2013. (Rekord nr 49595)

Szczegóły MARC
000 -ETYKIETA REKORDU
podpole kontrolne o stałej długości 01358nam a2200289 i 4500
001 - NUMER KONTROLNY REKORDU
pole kontrolne bg
020 ## - MIĘDZYNARODOWY ZNORMALIZOWANY NUMER KSIĄŻKI - ISBN
ISBN 8374510234
040 ## - ŹRÓDŁO KATALOGOWANIA
Instytucja, która utworzyła rekord BPK
041 0# - KOD JĘZYKA
Kod języka tekstu pol
044 ## - KOD KRAJU WYDAWCY/PRODUCENTA
Kod kraju wydawcy/producenta POL
080 ## - UNIWERSALNA KLASYFIKACJA DZIESIĘTNA - UKD
UKD 346.51:338.26](438)
920 ## - Międzynarodowy znormalizowany numer książki – ISBN
ISBN 83-7451-023-4
008 - POLE O STAŁEJ DŁUGOŚCI - DANE KONTROLNE
podpole kontrolne o stałej długości 100825s2005 pl |000 0 pol
245 00 - TYTUŁ/ODPOWIEDZIALNOŚĆ
Tytuł Załączniki do wstępnego projektu Narodowego Planu Rozwoju 2007-2013.
246 14 - WARIANT TYTUŁU
Tytuł Narodowy Plan Rozwoju :
Ciąg dalszy tytułu wstępny projekt 2007-2013 : załączniki
246 14 - WARIANT TYTUŁU
Tytuł Narodowy Plan Rozwoju 2007-2013
260 ## - STREFA ADRESU WYDAWNICZEGO
Miejsce wydania Warszawa :
Nazwa wydawcy/dystrybutora Ministerstwo Gospodarki i Pracy. Departament Koordynacji Polityki Strukturalnej. Instytucja Zarządzająca Podstawami Wsparcia Wspólnoty,
Data publikacji, dystrybucji/powstania dokumentu 2005.
300 ## - STREFA OPISU FIZYCZNEGO
Objętość 73 s. :
Inne cechy fizyczne tabl. ;
Rozmiary 30 cm.
500 ## - UWAGI OGÓLNE
Tekst uwagi U góry okł.: Narodowy Plan Rozwoju 2007-2013.
504 ## - UWAGA DOTYCZĄCA BIBLIOGRAFII
Informacje o bibliografii "Wykaz ekspertyz i innych opracowań wykorzystanych przy przygotowaniu wstępnego projektu Narodowego Planu Rozwoju 2007-2013" s. 39-40.
504 ## - UWAGA DOTYCZĄCA BIBLIOGRAFII
Informacje o bibliografii "Wykaz dokumentów strategicznych będących podstawą opracowania wstępnego projektu Narodowego Planu Rozwoju 2007-2013" s. 35.
536 ## - UWAGA DOTYCZĄCA ŹRÓDEŁ FINANSOWANIA DZIEŁA
Tekst uwagi "Publikacja współfinansowana ze środków Europejskiego Funduszu Rozwoju Regionalnego w ramach Programu Operacyjnego Pomoc Techniczna"
650 #9 - HASŁO PRZEDMIOTOWE W FORMIE NAZWY OGÓLNEJ LUB JEDNOSTKOWEJ
Nazwa ogólna lub geograficzna Rozwój gospodarczy
Określnik ogólny projekty
Określnik geograficzny Polska
Określnik chronologiczny 1990-.
650 #9 - HASŁO PRZEDMIOTOWE W FORMIE NAZWY OGÓLNEJ LUB JEDNOSTKOWEJ
Nazwa ogólna lub geograficzna Ekonomia
655 ## - TERMIN INDEKSOWY - OKREŚLENIE RODZAJU/FORMY DOKUMENTU
Określenie rodzaju/formy dokumentu Słowniki
856 ## - LOKALIZACJA I DOSTĘP DO ELEKTRONICZNYCH DOKUMENTÓW ZDALNYCH
Link (URL) http://koha.tu.koszalin.pl/cgi-bin/koha/opac-detail.pl?biblionumber=49595
Tekst linku Katalog online BPK
942 ## - DODATKOWE ELEMENTY (KOHA)
Typ dokumentu Książka
Egzemplarze
Wycofany Status egzemplarza Uszkodzony Dostępność Lokalizacja stała Lokalizacja bieżąca Miejsce przechowywania Sygnatura Kod kreskowy Typ dokumentu
      Tylko na miejscu Biblioteka Politechniki Koszalińskiej Biblioteka Politechniki Koszalińskiej Czytelnia Wydziałowa ul. Kwiatkowskiego 6e S 1034 02383545 Książka
© 2023 Biblioteka Politechniki Koszalińskiej :: KOHA